书目信息 |
| 题名: |
太阳射电辐射理论
|
|
| 作者: | 日列兹尼亚科夫 著 ;王绶琯 , 郭成光 译 | |
| 分册: | ||
| 出版信息: | 北京 科学出版社 1973 |
|
| 页数: | 352页 | |
| 开本: | 20cm | |
| 丛书名: | ||
| 单 册: | ||
| 中图分类: | P18 | |
| 科图分类: | ||
| 主题词: | 太阳系 | |
| 电子资源: | ||
| ISBN: | ||
| 000 | 00732nam0 2200241 45 | |
| 001 | 0405201685 | |
| 005 | 20051123143955.26 | |
| 010 | @dCNY1.40 | |
| 091 | @a13031.73 | |
| 100 | @a20040520d1973 km y0chiy0120 ea | |
| 101 | 0 | @achi |
| 102 | @aCN@b110000 | |
| 102 | @aCN@b110000 | |
| 200 | 1 | @a太阳射电辐射理论@ATai Yang She Dian Fu She Li Lun@f(苏)V·V·日列兹尼亚科夫著@F(su)V·V·ri lie zi ni ya ke fu zhu@g王绶琯,郭成光译 |
| 210 | @a北京@c科学出版社@d1973 | |
| 215 | 1 | @a352页@d20cm |
| 606 | 0 | @a太阳系 |
| 690 | @aP18@v3 | |
| 701 | 0 | @a日列兹尼亚科夫@Ari lie zi ni ya ke fu@4著 |
| 702 | 0 | @a王绶琯@AWang Shou Quan@4译 |
| 702 | 0 | @a郭成光@AGuo Cheng Guang@4译 |
| 801 | @aCN@bPftUser@c20051123 | |
| 905 | @f1@b11377@dP18@e2 | |
| 太阳射电辐射理论/(苏)V·V·日列兹尼亚科夫著/王绶琯,郭成光译.-北京:科学出版社,1973 |
| 352页;20cm |
| ISBN :CNY1.40 |
| ● |
| 相关链接 |
|
|
|
|
正题名:太阳射电辐射理论
索取号:P18/2
 
预约/预借
| 序号 | 登录号 | 条形码 | 馆藏地/架位号 | 状态 | 备注 |
| 1 | 0011376 | 000627888 | 第二样本阅览室/ [索取号:P18/2] | 在馆 | |
| 2 | 0011377 | 000627897 | 第三借阅区/ [索取号:P18/2] | 在馆 | |
| 3 | 0011378 | 202149834 | 密集书库/ [索取号:P18/2] | 在馆 |